| 000 | 01340nam a2200361Ia 4500 | ||
|---|---|---|---|
| 001 | dia_6067 | ||
| 003 | CHAP | ||
| 005 | 20230607132418.0 | ||
| 008 | 220117s2012 xx 000 0 und d | ||
| 010 | _a177275 | ||
| 020 | _a978-84-9921-260-9 | ||
| 040 | _cCHAP | ||
| 082 | _a808.831 P64 C84 2012 | ||
| 100 |
_aPoe, Edgar Allan _989484 |
||
| 245 |
_aCuentos extraordinarios / _c Edgar Allan Poe ; traducción Vicente López Folgado |
||
| 260 |
_aEspaña : _b Octaedro, _c2012 |
||
| 300 | _a234 p. | ||
| 440 |
_aBiblioteca básica. Serie Clásicos universales ; 33 _9160740 |
||
| 503 | _aC. | ||
| 505 | _aEl barril de amontillado \ 2. El pozo y el péndulo \ 3. El gato negro \ 4. El escarabajo de oro \ 5. El corazón delator \ 6. La carta robada \ 7. Ligeia \ 8. La caída de la Casa Usher \ 9. La verdad del caso de Mr. Valdemar | ||
| 590 | _aPZ3.P752 C84 2012 | ||
| 650 | 0 |
_aAmerican literature _x _y19th century _9160741 |
|
| 650 |
_aCuentos _930096 |
||
| 650 |
_aHorror stories _9160742 |
||
| 650 | 0 |
_aLiteratura americana _ySiglo XIX _9160743 |
|
| 650 |
_aStories _9152742 |
||
| 650 |
_aTerror _9160744 |
||
| 700 |
_aLópez Folgado, Vicente, tr. _9160745 |
||
| 901 | _a808.831 P64 C84 2012 | ||
| 902 | _aA | ||
| 905 | _a5232272012 sp x 9222223332spa16 | ||
| 942 |
_cLIBRO _2ddc |
||
| 999 |
_c177275 _d177275 |
||